All NFL Starting Quaterbacks of The 2024 Season - Statistics

General Stats
  • This quiz has been taken 147 times
  • The average score is 28 of 32
Answer Stats
Hint Answer % Correct
Kansas City Chiefs Patrick Mahomes
96%
Buffalo Bills Josh Allen
95%
Cincinnati Bengals Joe Burrow
93%
New York Jets Aaron Rodgers
92%
Houston Texans C.J. Stroud
92%
Philadelphia Eagles Jalen Hurts
92%
Pittsburgh Steelers Justin Fields , Russell Wilson
92%
Baltimore Ravens Lamar Jackson
92%
Seattle Seahawks Geno Smith
91%
San Francisco 49ers Brock Purdy
90%
Detroit Lions Jared Goff
90%
Washington Commanders Jayden Daniels
90%
Arizona Cardinals Kyler Murray
90%
Miami Dolphins Tua Tagovailoa
90%
Los Angeles Chargers Justin Herbert
89%
Los Angeles Rams Matthew Stafford
89%
Tampa Bay Buccaneers Baker Mayfield
88%
Dallas Cowboys Dak Prescott
88%
Denver Broncos Bo Nix
87%
Atlanta Falcons Kirk Cousins
87%
New York Giants Daniel Jones
86%
Green Bay Packers Jordan Love
86%
Minnesota Vikings Sam Darnold
86%
Jacksonville Jaguars Trevor Lawrence
86%
Carolina Panthers Bryce Young
85%
Chicago Bears Caleb Williams
84%
New England Patriots Drake Maye
84%
Indianapolis Colts Anthony Richardson
78%
New Orleans Saints Derek Carr
78%
Tennessee Titans Will Levis
74%
Cleveland Browns Jameis Winston
69%
Los Veges Raiders Gardener Minshew
57%
No matching quizzes found
Score Distribution
Percent of People with Each Score
Percentile by Number Answered
Your Score History
You have not taken this quiz